Chú bé rắc rối : Truyện dài
Salvato in:
| Autore principale: | |
|---|---|
| Natura: | Libro |
| Lingua: | Undetermined |
| Pubblicazione: |
Thành phố Hồ Chí Minh
Trẻ
2001
|
| Soggetti: | |
| Tags: |
Aggiungi Tag
Nessun Tag, puoi essere il primo ad aggiungerne! !
|
| Thư viện lưu trữ: | Trung tâm Học liệu Trường Đại học Cần Thơ |
|---|
| LEADER | 00611nam a2200205Ia 4500 | ||
|---|---|---|---|
| 001 | CTU_42117 | ||
| 008 | 210402s9999 xx 000 0 und d | ||
| 020 | |c 16800 | ||
| 082 | |a 895.9223 | ||
| 082 | |b A107ch | ||
| 100 | |a Nguyễn, Nhật Ánh | ||
| 245 | 0 | |a Chú bé rắc rối : | |
| 245 | 0 | |b Truyện dài | |
| 245 | 0 | |c Nguyễn Nhật Ánh | |
| 260 | |a Thành phố Hồ Chí Minh | ||
| 260 | |b Trẻ | ||
| 260 | |c 2001 | ||
| 650 | |a vietnamese fiction,vietnamese literature - 20th century | ||
| 904 | |i Minh, 010703 | ||
| 980 | |a Trung tâm Học liệu Trường Đại học Cần Thơ | ||